000 00587nam a22002297a 4500
003 UA-OsUOA
001 99240
007 ta
008 20130425b un ||||| |||| 00| 0 ukr d
100 _aСоллогуб В.
090 _a821.161.1
_bС60
942 _cBK
040 _aUA-OsUOA
_brus
_cUA-OsUOA
_dUA-OsUOA
245 _aПовести и рассказы
300 _a448 с.
955 _a3
041 _arus
080 _a821.161.1
260 _aМ.
_bПравда
_c1988
650 7 _a82 Література. Літературознавство
_2UDC
999 _c385354
_d385354